000
00324nam a22001217a 4500
003
SGT
082
_a
891.4309
_b
M21S
100
_a
श्रीधर, विजयदत्त
245
_a
मिण्टो हाल
260
_b
स्प्रे संग्रहालय
_c
2021
300
_a
161
942
_2
ddc
_c
BK
999
_c
31244
_d
31244